header

Easy mini-lessons for building vocabulary : (Record no. 256354)

MARC details
000 -LEADER
fixed length control field 01435cam a22003617a 4500
001 - CONTROL NUMBER
control field 12438851
003 - CONTROL NUMBER IDENTIFIER
control field OSt
005 - DATE AND TIME OF LATEST TRANSACTION
control field 20170323123653.0
008 - FIXED-LENGTH DATA ELEMENTS--GENERAL INFORMATION
fixed length control field 010611s1999 nyua b 000 0 eng d
010 ## - LIBRARY OF CONGRESS CONTROL NUMBER
LC control number 2001271386
020 ## - INTERNATIONAL STANDARD BOOK NUMBER
International Standard Book Number 0590264664
035 ## - SYSTEM CONTROL NUMBER
System control number (OCoLC)ocm41607594
040 ## - CATALOGING SOURCE
Original cataloging agency UVT
Transcribing agency UVT
Modifying agency TXA
-- DLC
042 ## - AUTHENTICATION CODE
Authentication code lccopycat
050 00 - LIBRARY OF CONGRESS CALL NUMBER
Classification number LB1574.5
Item number .R63 1999
082 00 - DEWEY DECIMAL CLASSIFICATION NUMBER
Classification number 372.44
Edition number 21
100 1# - MAIN ENTRY--PERSONAL NAME
Personal name Robb, Laura.
245 10 - TITLE STATEMENT
Title Easy mini-lessons for building vocabulary :
Remainder of title practical strategies that boost word knowledge and reading comprehension /
Statement of responsibility, etc by Laura Robb.
260 ## - PUBLICATION, DISTRIBUTION, ETC. (IMPRINT)
Place of publication, distribution, etc New York :
Name of publisher, distributor, etc Scholastic Professional Books,
Date of publication, distribution, etc c1999.
300 ## - PHYSICAL DESCRIPTION
Extent 96 p. :
Other physical details ill. ;
Dimensions 29 cm.
490 1# - SERIES STATEMENT
Series statement Scholastic teaching strategies.
500 ## - GENERAL NOTE
General note "Grades 4-8"--Cover.
504 ## - BIBLIOGRAPHY, ETC. NOTE
Bibliography, etc Includes bibliographical references (p. 96).
650 #0 - SUBJECT ADDED ENTRY--TOPICAL TERM
Topical term or geographic name as entry element Vocabulary
General subdivision Study and teaching (Elementary)
Topical term or geographic name as entry element Reading (Elementary)
General subdivision Activity programs.
Topical term or geographic name as entry element Language arts (Elementary)
General subdivision Activity programs.
830 #0 - SERIES ADDED ENTRY--UNIFORM TITLE
Uniform title Teaching strategies.
856 42 - ELECTRONIC LOCATION AND ACCESS
Materials specified Contributor biographical information
Uniform Resource Identifier <a href="http://www.loc.gov/catdir/enhancements/fy1106/2001271386-b.html">http://www.loc.gov/catdir/enhancements/fy1106/2001271386-b.html</a>
Materials specified Publisher description
Uniform Resource Identifier <a href="http://www.loc.gov/catdir/enhancements/fy1106/2001271386-d.html">http://www.loc.gov/catdir/enhancements/fy1106/2001271386-d.html</a>
906 ## - LOCAL DATA ELEMENT F, LDF (RLIN)
a 7
b cbc
c copycat
d 3
e ncip
f 20
g y-gencatlg
942 ## - ADDED ENTRY ELEMENTS (KOHA)
Source of classification or shelving scheme Library of Congress Classification
Koha item type Long Loan Books
Holdings
Withdrawn status Lost status Source of classification or shelving scheme Damaged status Not for loan Collection code Home library Current library Shelving location Date acquired Total Checkouts Full call number Barcode Date last seen Price effective from Koha item type
    Library of Congress Classification     Non-fiction Rongo University Library Rongo University Library General Stacks 23/03/2017   LB1574.5 .R63 1999 201617745 23/03/2017 23/03/2017 Long Loan Books

© 2026 Rongo University
Contact us: librarian | system librarian | Rongo university